000 00547nam a2200229Ia 4500
003 OSt
005 20220918192833.0
006 a|||||r|||| 00| 0
007 ta
008 220917b |||||||| |||| 00| 0 eng d
024 _a70,653
037 _cTextual
040 _aARTS
_cARTS
_beng
041 _2eng
_aeng
082 _aR4xC67:1, L0
100 _aThomson Jak
_980407
245 0 _aEthics of Aristotle
260 _c1970
650 _aETHICS
942 _hR4xC67:1, L0
_cTEXL
_2CC
999 _c196747
_d196747